| 000 | 00669nam a2200241Ia 4500 | ||
|---|---|---|---|
| 005 | 20260430150527.0 | ||
| 008 | 008 250103s9999 xx 000 0 eng d | ||
| 037 | _aTheses | ||
| 040 | _aCRL | ||
| 040 | _beng | ||
| 040 | _ceng | ||
| 041 | _2eng | ||
| 041 | _aeng | ||
| 084 | _qCRL | ||
| 100 |
_aNaresh Kumar Au.; Banerjee Mashulika Gu. _91237761 |
||
| 245 | 0 | _aPopular Religiosity and the Politics of Margins: A Study of Kanwar Pilgrims | |
| 260 | _c2022 | ||
| 300 | _a182p. | ||
| 650 | _aPolitical Science | ||
| 700 |
_aUniversity of Delhi. Faculty of Social Science. Deptt.of Political Science _91237721 |
||
| 942 | _cTH | ||
| 999 |
_c1850000 _d1850000 |
||